00935nam a2200205 a 4500001001000000005001700010008004100027020001800068041001100086050001300097245014300110260010800253300003200361500011200393500007200505504003200577546003600609700003400645740005000679BRCA_876020190320210409.0160317s2016----mx-a######---#000-0#spa-# a9786079390075 aspaeng 4bA78 201610aEl arte de las naciones. El barroco como arte global = Art of the Nations. The Baroque as Global Artceditado por Fernando Checa Cremades. aMéxicobConsejo Estatal para la Cultura y las Artes de Puebla : Museo Internacional del Barrococ2016 a475 p.bil. a colorc30 cm. aCatálogo de la exposición realizada en el Museo Internacional del Barroco (Puebla, México), 2016-2017 aIncluye piezas de la colección Franz Mayer : p. 64, 73, 112 y 246 aBibliografía : p. 461-475 aTexto en : español e inglés1 aCheca Cremades, Fernandoeed.0 aArt of the Nations. The Baroque as Global Art